000 00771nam a2200217Ia 4500
003 GCL
008 140319s9999 xx 000 0 ara d
040 _aGCL /
_cGCL
082 0 4 _aط
_b932
_bج م
100 1 _aعبداللطيف زيدان
245 1 0 _aالمكتبة الفرعونية : المتحف المصرى - سقارة - ممفيس /
_cعبداللطيف زيدان
700 1 _aجمال الدين سالم
260 _aالقاهرة :
_bنهضة مصر للطباعة والنشر والتوزيع ،
_c1996
300 _aمتعدد ؛
_c20 سم
490 _aالمكتبة الفرعونية
_v0
650 0 4 _aالاطفال
650 0 4 _aمصر الفرعونية
650 0 4 _aمصر - تاريخ
650 0 4 _aممفيس
942 _2ddc
_cBK
999 _c50025
_d50025